Katy Perry Singles 2008 - 2020 - Statistics

General Stats
  • This quiz has been taken 879 times
    468 since last reset
  • The average score is 18 of 32
Answer Stats
Answer % Correct
Teenage Dream
94%
Roar
92%
California Gurls
91%
Hot n Cold
89%
I Kissed a Girl
89%
Firework
85%
Dark Horse
83%
Last Friday Night (T.G.I.F.)
80%
Part of Me
76%
E.T.
72%
Bon Appétit
70%
The One That Got Away
70%
Wide Awake
70%
Swish Swish
67%
Smile
65%
Birthday
57%
Chained to the Rhythm
56%
Unconditionally
55%
Waking Up in Vegas
54%
This Is How We Do
53%
Never Really Over
45%
Thinking of You
45%
Daisies
44%
Rise
42%
Harleys in Hawaii
39%
Hey Hey Hey
33%
Small Talk
27%
Never Worn White
21%
Hummingbird Heartbeat
15%
Cry About it Later
14%
Cozy Little Christmas
10%
Save as Draft
10%
No matching quizzes found
Score Distribution
Percent of People with Each Score
Percentile by Number Answered
Your Score History
You have not taken this quiz since the last reset